Lyrics of Moral of the Story - Ashe - Statistics

General Stats
  • This quiz has been taken 292 times
  • The average score is 350 of 408
Answer Stats
Lyrics % Correct
a
100%
I
99%
s
99%
So
99%
so
99%
the
97%
you
97%
You
97%
you'
97%
love
96%
re
96%
That'
96%
that'
96%
that
96%
That
96%
in
95%
In
95%
moral
94%
of
94%
Some
94%
story
94%
d
93%
made
93%
really
93%
to
93%
it'
92%
It'
92%
me
92%
mistakes
92%
okay
92%
alright
90%
never
90%
people
90%
When
90%
get
89%
just
89%
Just
89%
with
89%
With
89%
wrong
89%
better
88%
end
88%
fall
88%
knew
88%
pain
88%
think
88%
can
87%
for
87%
my
87%
this
87%
tried
87%
God
85%
said
85%
sometimes
85%
find
84%
guy
84%
we
84%
Where'
84%
babe
83%
But
83%
she
83%
Talking
83%
do
81%
addicted
80%
could
78%
lawyer
78%
was
78%
Oh
76%
oh
76%
Oh-
76%
ooh-
76%
ooh
76%
Woo
76%
all
74%
Young
73%
foolish
72%
mother
72%
Blindsided
69%
have
69%
time
68%
how
66%
house
65%
our
65%
like
64%
at
63%
loved
63%
and
62%
lost
62%
Obvious
61%
say
61%
grandparents
60%
painted
60%
tell
60%
Than
60%
bad
59%
did
59%
funny
59%
into
59%
dream
58%
Remember
58%
shit
57%
Turns
57%
turns
57%
memory
56%
romantic
56%
engaged
54%
need
54%
Should
54%
They
54%
whole
53%
fought
51%
running
51%
load
49%
wild
49%
seen
47%
signs
47%
Hindsight
44%
volatile
40%
yeah
40%
Felt
16%
No matching quizzes found
Score Distribution
Percent of People with Each Score
Percentile by Number Answered
Your Score History
You have not taken this quiz